02145nkc a2200337za 450000100060000000300040000600500170001000700070002700800410003404000240007510000330009924500520013226000240018430001010020850001700030950001920047950000650067150001340073650001690087050400520103950500490109151001510114051000520129156101300134361000680147365100190154165500320156070000530159285200120164585601500165784439OSt20260317164518.0kh boc250409s19101911sp ||||| |||| 00| i|spa d aM-RABAbspacM-RABA1 aElorza, Lorenzod(1861-1931)10aEstíbalizb: Ábsides del santuarioc/ L. E. c[ca. 1910 – 1911] a1 fotografíab: gelatina de platac; imagen 16,5 x 12 cm c; soporte secundario 26,5 x 21,5 cm aVista desde el sureste de la fachada principal y dos de los tres ábsides con los que se configura la cabecera de la basílica de Nuestra Señora de Estíbaliz.  aFotografía montada sobre soporte secundario de cartulina azul enmarcada con orla en relieve. Título y numeración manuscrita que hace referencia a la posición en la serie “60”. aSello con monograma del fotógrafo en tinta roja “L.E.” aFechas tomadas de la ejecución del positivo de las fotografías, incluido el soporte secundario. (Soto Madrazo, Javier. 2008). aForma parte de un conjunto de 167 fotografías empleadas por Federico Baráibar Zumárraga para la elaboración del Inventario del Románico en Álava (1911). aBaraibar, F.: "Rincones artísticos", M. 1914. aEstivariz.- Ábsides del Santuario / L. E.  aDescripción tomada de: Soto Madrazo, Javier (2008). Federico Baraibar y el Inventario del Románico en Álava: una caja con 167 fotografías. aBaraibar, F.: "Rincones artísticos", M. 1914. aDonadas junto con la memoria manuscrita a la Academia por el mismo Baraibar (Sesión 12 de febrero de 1912, Archivo: 4-32-1)27aSantuario de Santa María de Estíbaliz (cÁlava, España) 7aÁlava2embne 0aFotografías de monumentos1 aBaráibar y Zumárraga, Federico d(1851-1918) jFot-169 3Fot-169uhttps://archivoybiblioteca.realacademiabellasartessanfernando.com/cgi-bin/koha/opac-retrieve-file.pl?id=b5aa6f5b5b4162f0edb1c0b68b7f2f35